Dear Greenpeace / (Record no. 2137)

MARC details
000 -LEADER
fixed length control field 00951nam a22002537a 4500
005 - DATE AND TIME OF LATEST TRANSACTION
control field 20231107123714.0
020 ## - INTERNATIONAL STANDARD BOOK NUMBER
International Standard Book Number 9781406367409
040 ## - CATALOGING SOURCE
Original cataloging agency FISKH
Language of cataloging eng
Transcribing agency FISKH
Modifying agency FISKH
050 ## - LIBRARY OF CONGRESS CALL NUMBER
Classification number PZ7
082 ## - DEWEY DECIMAL CLASSIFICATION NUMBER
Classification number 823.914
100 ## - MAIN ENTRY--PERSONAL NAME
Personal name James, Simon
245 ## - TITLE STATEMENT
Title Dear Greenpeace /
Statement of responsibility, etc. Simon James Plymouth 24.12.61. Devon The enchanting environmental classic
250 ## - EDITION STATEMENT
Edition statement This edition published 2016
260 ## - PUBLICATION, DISTRIBUTION, ETC.
Place of publication, distribution, etc. London :
Name of publisher, distributor, etc. Walker Books,
Date of publication, distribution, etc. 1991
300 ## - PHYSICAL DESCRIPTION
Extent 24 unnumbered pages :
Dimensions 24x24 cm
505 ## - FORMATTED CONTENTS NOTE
Formatted contents note K
520 ## - SUMMARY, ETC.
Summary, etc. Told entirely in letter form, the text of this picture book is the correspondence between a small girl called Emily and the conservation organization Greenpeace, about a whale that she says lives in her garden pond. This large format book is intended for classroom use in the literacy hour.
521 ## - TARGET AUDIENCE NOTE
Target audience note 590
Source Lexile
521 ## - TARGET AUDIENCE NOTE
Target audience note K
Source Raz-Plus
650 ## - SUBJECT ADDED ENTRY--TOPICAL TERM
Topical term or geographic name entry element Imagination
650 ## - SUBJECT ADDED ENTRY--TOPICAL TERM
Topical term or geographic name entry element Whale
942 ## - ADDED ENTRY ELEMENTS (KOHA)
Source of classification or shelving scheme Dewey Decimal Classification
Koha item type Books
Suppress in OPAC No
999 ## -
-- 2137
-- 2137
Holdings
Withdrawn status Lost status Source of classification or shelving scheme Damaged status Not for loan Collection Home library Current library Shelving location Date acquired Total Checkouts Full call number Barcode Date last seen Date last checked out Price effective from Koha item type
    Dewey Decimal Classification     Juvenile Fiction Footprints International School Library Network Toul Kork Campus Footprints International School Library Network Toul Kork Campus TK Primary Library Room(4th Floor), Bookcase 3&4, Shelves 17-32, Yellow Books 11/07/2023 2 JAM 823.914 PZ7 FISBK072660 10/31/2025 10/17/2025 11/07/2023 Books